Spoločný výskum nových druhov tropických driev v krajinách RVHP

Bibliographic Details
Main Authors: Potz, Juraj (Author), Hurda, Bohumil, 1940- (Author)
Format: Article
Language:Slovak
Subjects:

MARC

LEADER 00000nab a2200000 a 4500
001 vtls000111631
003 SK-MaSNL
005 20260303024034.0
008 140328c1982 xo 0 slo
015 |a SNBRB19rr/mm-uuuuu 
035 |a CL0121734 
040 |a SNKBUCL  |b slo  |c SNKBUCL  |e AACR2 
041 0 |a slo 
044 |a xo  |c SK 
080 |a 630 8  |2 1981 
080 |a 674  |2 1981 
100 1 |a Potz, Juraj  |4 aut  |9 931728 
245 1 0 |a Spoločný výskum nových druhov tropických driev v krajinách RVHP  |c Juraj Potz, Bohumil Hurda 
650 0 7 |a drevo tropické  |2 snkbucl  |9 961149 
655 7 |a články z novín a časopisov  |2 snkbucl  |9 267496 
700 1 |a Hurda, Bohumil,  |d 1940-  |4 aut  |9 119292 
773 0 |t Drevo  |g Roč. 37, č. 1 (1982), s. 12-15 
850 |a Slovenská národná knižnica v Martine  |a MTA001 
852 |a SNK  |b KIS3GCP 
958 |a RK 
992 |a RBX 
999 |c 1637952  |d 1639882